<?xml version="1.0" encoding="UTF-8"?><?xml-stylesheet type="text/xsl" href="static/style.xsl"?><OAI-PMH xmlns="http://www.openarchives.org/OAI/2.0/" xmlns:xsi="http://www.w3.org/2001/XMLSchema-instance" xsi:schemaLocation="http://www.openarchives.org/OAI/2.0/ http://www.openarchives.org/OAI/2.0/OAI-PMH.xsd"><responseDate>2026-04-17T18:54:20Z</responseDate><request verb="GetRecord" identifier="oai:www.recercat.cat:20.500.12327/2043" metadataPrefix="marc">https://recercat.cat/oai/request</request><GetRecord><record><header><identifier>oai:recercat.cat:20.500.12327/2043</identifier><datestamp>2025-10-22T11:01:27Z</datestamp><setSpec>com_2072_4428</setSpec><setSpec>com_2072_4427</setSpec><setSpec>col_2072_487898</setSpec></header><metadata><record xmlns="http://www.loc.gov/MARC21/slim" xmlns:dcterms="http://purl.org/dc/terms/" xmlns:xsi="http://www.w3.org/2001/XMLSchema-instance" xmlns:doc="http://www.lyncode.com/xoai" xsi:schemaLocation="http://www.loc.gov/MARC21/slim http://www.loc.gov/standards/marcxml/schema/MARC21slim.xsd">
   <leader>00925njm 22002777a 4500</leader>
   <datafield ind2=" " ind1=" " tag="042">
      <subfield code="a">dc</subfield>
   </datafield>
   <datafield ind2=" " ind1=" " tag="720">
      <subfield code="a">Profeta, Adriano</subfield>
      <subfield code="e">author</subfield>
   </datafield>
   <datafield ind2=" " ind1=" " tag="720">
      <subfield code="a">Enneking, Ulrich</subfield>
      <subfield code="e">author</subfield>
   </datafield>
   <datafield ind2=" " ind1=" " tag="720">
      <subfield code="a">Claret Coma, Anna</subfield>
      <subfield code="e">author</subfield>
   </datafield>
   <datafield ind2=" " ind1=" " tag="720">
      <subfield code="a">Guerrero, Luis</subfield>
      <subfield code="e">author</subfield>
   </datafield>
   <datafield ind2=" " ind1=" " tag="720">
      <subfield code="a">Heinz, Volker</subfield>
      <subfield code="e">author</subfield>
   </datafield>
   <datafield ind2=" " ind1=" " tag="260">
      <subfield code="c">2022-11-20</subfield>
   </datafield>
   <datafield ind2=" " ind1=" " tag="520">
      <subfield code="a">In this paper, we analyse consumer acceptance, preferences and attitudes to camel milk based on a cross-country study based on qualitative focus groups with consumers. Outside the main consumption countries where camel milk is a regular part of the daily diet, many consumers buy this product primarily due to its promised health benefits. Furthermore, they are willing to pay a substantial price premium for camel milk. The findings from the literature study suggest the need for further research aimed at improving the sensory quality of camel milk, camel milk fermented products (such as yoghurt, kefir, etc.) and camel milk cheese. In addition, the application of flavours could be an option to cover the perceived salty taste of camel milk. Another aspect is that more research needs to be conducted to optimize the operating parameters and standardization of the production procedures of camel milk yoghurt in the future. In general, we can state that so far only a few consumer studies exist and, in particular, for European consumers, not much is known about their attitudes, preferences and acceptance to try or to buy such a product.</subfield>
   </datafield>
   <datafield ind1="8" ind2=" " tag="024">
      <subfield code="a">Profeta, Adriano, Ulrich Enneking, Anna Claret, Luis Guerrero, and Volker Heinz. 2022. "Consumer Acceptance And Preference For Camel Milk In Selected European And Mediterranean Countries". Sustainability 14 (22): 15424. doi:10.3390/su142215424.</subfield>
   </datafield>
   <datafield ind1="8" ind2=" " tag="024">
      <subfield code="a">2071-1050</subfield>
   </datafield>
   <datafield ind1="8" ind2=" " tag="024">
      <subfield code="a">http://hdl.handle.net/20.500.12327/2043</subfield>
   </datafield>
   <datafield ind1="8" ind2=" " tag="024">
      <subfield code="a">https://doi.org/10.3390/su142215424</subfield>
   </datafield>
   <datafield ind2="0" ind1="0" tag="245">
      <subfield code="a">Consumer Acceptance and Preference for Camel Milk in Selected European and Mediterranean Countries</subfield>
   </datafield>
</record></metadata></record></GetRecord></OAI-PMH>